Loading...
| Fine Arts - Classical Music | 0 | 9 | 1 | 0 | 85 | 15 | 58.67 | 3 | 6 | 0.00 | 0.00 |
| Literature - World | 0 | 6 | 0 | 0 | 60 | 54 | 91.50 | 2 | 2 | 0.00 | 0.00 |
| Literature - American | 0 | 5 | 0 | 2 | 50 | 69 | 99.60 | 0 | 0 | 0.00 | 0.00 |
| History - American | 0 | 5 | 0 | 0 | 50 | 43 | 54.80 | 0 | 4 | 0.00 | 0.00 |
| Literature - European | 0 | 4 | 0 | 1 | 40 | 70 | 89.00 | 0 | 2 | 0.00 | 0.00 |
| History - World | 0 | 3 | 0 | 1 | 30 | 38 | 73.00 | 0 | 0 | 0.00 | 0.00 |
| History - European | 0 | 3 | 1 | 1 | 25 | 71 | 95.00 | 0 | 0 | 0.00 | 0.00 |
| Philosophy | 0 | 2 | 0 | 0 | 20 | 49 | 71.50 | 1 | 1 | 0.00 | 0.00 |
| Literature - British | 0 | 2 | 0 | 0 | 20 | 64 | 66.50 | 0 | 2 | 0.00 | 0.00 |
| History - Other | 0 | 2 | 1 | 0 | 15 | 86 | 90.50 | 0 | 0 | 0.00 | 0.00 |
| Painting/Sculpture | 0 | 2 | 1 | 0 | 15 | 66 | 77.00 | 0 | 0 | 0.00 | 0.00 |
| Religion | 0 | 1 | 0 | 1 | 10 | 103 | 103.00 | 0 | 0 | 0.00 | 0.00 |
| Science - Biology | 0 | 1 | 0 | 0 | 10 | 68 | 68.00 | 0 | 0 | 0.00 | 0.00 |
| Fine Arts - Other | 0 | 1 | 1 | 0 | 5 | 97 | 97.00 | 0 | 0 | 0.00 | 0.00 |
| Mythology | 0 | 1 | 1 | 0 | 5 | 62 | 62.00 | 0 | 0 | 0.00 | 0.00 |
| Social Science | 0 | 0 | 1 | 0 | -5 | 0.00 | 0 | 0 | 0.00 | 0.00 | |
| Current Events | 0 | 0 | 1 | 0 | -5 | 0.00 | 0 | 0 | 0.00 | 0.00 |